000 00258nam a2200097Ia 4500
001 1228931
005 20250827093051.0
008 250824s9999 xx 000 0 und d
245 0 _aVİKİNGLER
_cROBERT LEIGHTON
260 _bPANAMA YAYINLARI
999 _c1228931
_d1228931